000
00265nam a22001217a 4500
082
_a
OS 657.2 ARO
100
_a
ARORA, M. L.
245
_a
Bookeeping
260
_a
Tanzania
_b
RAP
300
_a
291p.
_b
:ill.;29cm
650
_a
The Prelude to Accounting
942
_c
BK
999
_c
19681
_d
19681